|
|
|
|
| LEADER |
01350nam a22003852a 4500 |
| 001 |
001371156 |
| 003 |
CZ BrMZK |
| 005 |
20180917081909.0 |
| 007 |
ta |
| 008 |
140303s1962 xr er|||||||||||cze d |
| 015 |
|
|
|a cnb000690531
|
| 035 |
|
|
|a (OCoLC)85471170
|
| 040 |
|
|
|a ABA001
|b cze
|c LIA001
|d ABA001
|d BOA001
|
| 043 |
|
|
|a e-ur---
|
| 072 |
|
7 |
|a 631
|x Zemědělství. Pedologie. Agrotechnika. Agroekologie
|2 Konspekt
|9 24
|
| 080 |
|
|
|a 631.3
|2 MRF
|
| 080 |
|
|
|a 658.58
|2 MRF
|
| 080 |
|
|
|a (47+57)
|2 MRF
|
| 080 |
|
|
|a (035)
|2 MRF
|
| 100 |
1 |
|
|a Jeřábek, Evžen
|7 jx20040720196
|4 aut
|
| 245 |
1 |
0 |
|a Silážní kombajn SK-2, 6 A :
|b dovoz z SSSR : popis a návod k obsluze, seznam náhradních součástí /
|c zpracoval Evžen Jeřábek
|
| 250 |
|
|
|a 1. vyd.
|
| 260 |
|
|
|a Praha :
|b Státní zemědělské nakladatelství,
|c 1962
|
| 300 |
|
|
|a 74 s. ;
|c 8°
|
| 490 |
1 |
|
|a Interní publikace SZN ;
|v sv. č. I-6-012/62
|
| 500 |
|
|
|a 1500 výt.
|
| 650 |
0 |
7 |
|a zemědělské stroje
|7 ph116768
|z Sovětský svaz
|2 czenas
|
| 650 |
0 |
7 |
|a opravy a údržba
|7 ph161659
|2 czenas
|
| 653 |
0 |
|
|a silážní kombajny
|
| 655 |
|
7 |
|a příručky
|7 fd133209
|2 czenas
|
| 830 |
|
0 |
|a Interní publikace SZN
|
| 910 |
|
|
|a BOA001
|b 2-0484.360
|
| 990 |
|
|
|a BK
|
| 991 |
|
|
|b 201402
|
| 996 |
6 |
|
|b 2619060863
|c 2-0484.360
|l MZK
|r Sklad / do 24 hodin
|n 0
|w 001406117
|u 000010
|a 1
|e BOA001
|j MZK50
|s P
|